Представление документа в формате MARC21

Поле Инд. ПП Название Значение
Тип записи a
Библиографический уровень b
001 Контрольный номер RU/IS/BASE/280593489
005 Дата корректировки 20200630193225.9
008 Кодируемые данные 20081121
084 a Индекс другой классификации/Индекс ББК 74.24
100 1_ a Автор Третьякова Т. В.
q Полное имя Третьякова Татьяна Васильевна
245 a Заглавие Мониторинг результатов ЕГЭ по математике и его использование в регионе и в образовательном учреждении
504 a Библиография Лит. в конце статьи
520 a Аннотация "Рассматривается опыт шести лет проведения единого государственного экзамена. Показана возможность использования результатов независимого измерения индивидуальных достижений учащихся."
650 a Основная рубрика образование
a Основная рубрика общее образование (школьное образование)
a Основная рубрика общеобразовательная школа
653 a Ключевые слова единый государственный экзамен (ЕГЭ)
a Ключевые слова индивидуальные достижения учащегося
a Ключевые слова качество образования
a Ключевые слова математика
a Ключевые слова мониторинг результатов
a Ключевые слова регионы России
a Ключевые слова Россия
a Ключевые слова тестирование
a Ключевые слова успеваемость
a Ключевые слова экзамены
773 t Заглавие источника Вопросы образования
d Дата издания источника 2007
g Прочая информация № 2. - С. 188 - 200 : табл., диагр., схем.
w Контрольный № источника RU/IS/BASE/278594300
901 t Тип документа b